Becoming modern: individual change in six developing countries

Guardat en:
Dades bibliogràfiques
Autors principals: Inkeles, Alex (Autor), Smith, David Horton (Autor)
Format: Llibre
Idioma:anglès
Publicat: Cambridge Harvard University 1974
Matèries:
Etiquetes: Afegir etiqueta
Sense etiquetes, Sigues el primer a etiquetar aquest registre!

MARC

LEADER 00000nam a2200000 a 4500
001 UCO8233
003 CL-VaPUC
008 001201e19740000US |||||||||||||||||eng|d
082 0 4 |a 338.9  |b INK  |2 21 
100 |a Inkeles, Alex  |e author  |9 453086 
700 0 |a Smith, David Horton  |e author  |9 453087 
245 1 0 |a Becoming modern: individual change in six developing countries 
300 |a 437 p 
942 |c BK 
945 |d 20001201 00:00:00  |a crobeson 
260 |a Cambridge  |b Harvard University  |c 1974 
500 |a Donación del profesor Manfred Wilhelmy von Wolff 
650 0 |a Desarrollo económico y social   |9 256320 
650 0 |a Crecimiento económico   |9 314037 
650 0 |a Países en desarrollo  |9 259663 
650 7 |a MODERNIZACION  |2 CL-VaPUC  |9 335311 
583 |a last modification  |c 20001201 00:00:00  |k Rodrigo Vera 
999 |c 292959  |d 292957 
952 |0 0  |1 0  |4 0  |6 338_900000000000000_INK_1974  |7 0  |8 A  |9 344041  |a BIBHIS  |b BIBHIS  |d 2019-11-20  |i 1231464  |o 338.9 INK 1974  |p 1231464  |r 2025-01-20  |w 2019-11-20  |y BK  |k HIS